Central Library OPAC University of Rajshahi

The price mechanism and the meaning of national income statistics / (Record no. 45476)

MARC details
000 -LEADER
fixed length control field 00757nam a2200253 a 4500
001 - CONTROL NUMBER
control field 45476
003 - CONTROL NUMBER IDENTIFIER
rucl marc code BD-RjUL
005 - DATE AND TIME OF LATEST TRANSACTION
control field 20211209054023.0
008 - FIXED-LENGTH DATA ELEMENTS--GENERAL INFORMATION
fixed length control field 160726s1968 enka b 000 0 eng
035 ## - SYSTEM CONTROL NUMBER
System control number (BD-RjUL)45594
System control number 1795825
040 ## - CATALOGING SOURCE
Original cataloging agency LC
Language of cataloging eng
Transcribing agency LC
041 ## - LANGUAGE CODE
Language code of text/sound track or separate title eng
082 04 - DEWEY DECIMAL CLASSIFICATION NUMBER
Classification number 339.3593
Author mark and year USP 1968
100 1# - MAIN ENTRY--PERSONAL NAME
Personal name Usher, Dan,
Dates associated with a name 1934-
9 (RLIN) 139226
245 14 - TITLE STATEMENT
Title The price mechanism and the meaning of national income statistics /
Statement of responsibility, etc. Dan Usher
260 ## - PUBLICATION, DISTRIBUTION, ETC. (IMPRINT)
Place of publication, distribution, etc. Oxford :
Name of publisher, distributor, etc. Clarendon P.,
Date of publication, distribution, etc. 1968.
300 ## - PHYSICAL DESCRIPTION
Pagination xxiii, 180 p. :
Illustrations ill. ;
Size 23 cm.
504 ## - BIBLIOGRAPHY, ETC. NOTE
Bibliography, etc Bibliographical footnotes.
650 #0 - SUBJECT ADDED ENTRY--TOPICAL TERM
Topical term or geographic name as entry element National income
General subdivision Accounting.
9 (RLIN) 131688
Topical term or geographic name as entry element National income
General subdivision Thailand
Geographic subdivision Accounting.
9 (RLIN) 139227
942 ## - ADDED ENTRY ELEMENTS (KOHA)
Source of classification or shelving scheme Dewey Decimal Classification
Koha item type Books
Holdings
Lost status Source of classification or shelving scheme Damaged status Not for loan Collection code Permanent Location Current Location Shelving location Date acquired Source of acquisition Cost, normal purchase price Total Checkouts Full call number Date last seen Copy number Koha item type
  Dewey Decimal Classification     Non-fiction Central Library, University of Rajshahi Central Library, University of Rajshahi   12/09/1973 Euro Bangladesh news Agency 55.00   339.3593 USP 1968 26/07/2016 C-2 Books